00835cam a2200241 a 45000010005000000030008000050050017000130080041000300200015000710350018000860400034001040410008001380820026001462450105001722600038002773000035003155040051003506500037004016500038004386510054004766510053005307000010005835759BD-RjUL20211208234125.0140107s1989 coua b 001 0 eng d a0813378893 a(BD-RjUL)5798 aDLCcDLCdDLCd(BD-RjUL)beng aeng00a355.03305195220bFUT04aThe future of South Korean-U.S. security relations /cedited by William J. Taylor, Jr. ... [et al.]. aBoulder :bWestview Press,c1989. aviii, 223 p. :bill. ;c23 cm. aIncludes bibliographical references and index. 0aNational securityzKorea (South) 0aNational securityzUnited States. 0aKorea (South)xMilitary relationszUnited States. 0aUnited StatesxMilitary relationszKorea (South)1 d1933-